书目信息 |
| 题名: |
法律基础教程
|
|
| 作者: | ;教育部思想政治工作司 编 | |
| 分册: | ||
| 出版信息: | 北京 高等教育出版社 1998 |
|
| 页数: | 344页 | |
| 开本: | 20cm | |
| 丛书名: | ||
| 单 册: | ||
| 中图分类: | D90 | |
| 科图分类: | ||
| 主题词: | 法的理论 , 法学 | |
| 电子资源: | ||
| ISBN: | 7-04-006718-8 | |
| 000 | 00624nam0 2200205 450 | |
| 001 | 0858091187 | |
| 005 | 20081021160741.75 | |
| 010 | @a7-04-006718-8@dCNY11.50 | |
| 100 | @a20081020d1998 km y0chiy0120 ea | |
| 101 | 0 | @achi |
| 102 | @aCN@b110000 | |
| 200 | 1 | @a法律基础教程@Afa lu ji chu jiao cheng@f教育部思想政治工作司编@Fjiao yu bu si xiang zheng zhi gong zuo si bian |
| 210 | @a北京@c高等教育出版社@d1998 | |
| 215 | @a344页@d20cm | |
| 606 | 0 | @a法的理论 |
| 606 | 0 | @a法学 |
| 690 | @aD90@v4 | |
| 711 | 02 | @a教育部思想政治工作司@Ajiao yu bu si xiang zheng zhi gong zuo si@4编 |
| 801 | 0 | @aCN@c20081021 |
| 905 | @dD90@eJ688 | |
| 法律基础教程/教育部思想政治工作司编.-北京:高等教育出版社,1998 |
| 344页;20cm |
| ISBN 7-04-006718-8:CNY11.50 |
| ● |
| 相关链接 |
|
|
|
正题名:法律基础教程
索取号:D90/J688
 
预约/预借
| 序号 | 登录号 | 条形码 | 馆藏地/架位号 | 状态 | 备注 |
| 1 | 457796 | 204577966 | 社科库509/422社科库 41排3列1层/ [索取号:D90/J688] | 在馆 | |
| 2 | 457797 | 204577975 | 社科库509/509社科库 80排1列4层/ [索取号:D90/J688] | 在馆 | |
| 3 | 457798 | 204577984 | 社科库509/422社科库 41排3列1层/ [索取号:D90/J688] | 在馆 | |
| 4 | 457799 | 204577993 | 社科库509/422社科库 41排3列1层/ [索取号:D90/J688] | 在馆 | |
| 5 | 457800 | 204578000 | 社科库509/422社科库 41排3列1层/ [索取号:D90/J688] | 在馆 | |
| 6 | 457801 | 204578019 | 社科库509/422社科库 41排3列1层/ [索取号:D90/J688] | 在馆 | |
| 7 | 457802 | 204578028 | 社科库509/422社科库 41排3列1层/ [索取号:D90/J688] | 在馆 | |
| 8 | 457803 | 204578037 | 社科库509/509社科库 80排1列4层/ [索取号:D90/J688] | 在馆 | |
| 9 | 457804 | 204578046 | 社科库509/509社科库 80排1列4层/ [索取号:D90/J688] | 在馆 | |
| 10 | 457805 | 204578055 | 社科库509/422社科库 41排3列1层/ [索取号:D90/J688] | 在馆 | |
| 11 | 457806 | 204578064 | 社科库509/509社科库 80排1列4层/ [索取号:D90/J688] | 在馆 | |
| 12 | 457807 | 204578073 | 社科库509/422社科库 41排3列1层/ [索取号:D90/J688] | 在馆 | |
| 13 | 457808 | 204578082 | 社科库509/422社科库 41排3列1层/ [索取号:D90/J688] | 在馆 | |
| 14 | 457809 | 204578091 | 社科库509/422社科库 41排3列1层/ [索取号:D90/J688] | 在馆 | |
| 15 | 457810 | 204578108 | 社科库509/422社科库 41排3列1层/ [索取号:D90/J688] | 在馆 | |
| 16 | 457811 | 204578117 | 社科库509/422社科库 41排3列1层/ [索取号:D90/J688] | 在馆 | |
| 17 | 457812 | 204578126 | 社科库509/422社科库 41排3列1层/ [索取号:D90/J688] | 在馆 | |
| 18 | 457813 | 204578135 | 社科库509/422社科库 41排3列1层/ [索取号:D90/J688] | 在馆 | |
| 19 | 457814 | 204578144 | 社科库509/422社科库 41排3列1层/ [索取号:D90/J688] | 在馆 |